<?xml version="1.0" encoding="UTF-8"?>
<collection xmlns="http://www.loc.gov/MARC21/slim">
  <record>
    <leader>00000nam  2200000   4500</leader>
    <controlfield tag="001">INLIS000000000017352</controlfield>
    <controlfield tag="005">20240909090425</controlfield>
    <datafield tag="035" ind1="#" ind2="#">
      <subfield code="a">0010-0724000085</subfield>
    </datafield>
    <controlfield tag="007">ta</controlfield>
    <controlfield tag="008">240909################|##########|#|##</controlfield>
    <datafield tag="084" ind1="#" ind2="#">
      <subfield code="a">R  011 PKP 2023</subfield>
    </datafield>
    <datafield tag="100" ind1=" " ind2="#">
      <subfield code="a">Ibnu Ranumarsaid</subfield>
    </datafield>
    <datafield tag="245" ind1="1" ind2="#">
      <subfield code="a">Digitalisasi Pendataan Cendera Mata yang Diberikan oleh Presiden RI dan Ibu Negara kepada Pimpinan Negara Asing Beserta Spouse Berbasis Web/ Web Portal /</subfield>
      <subfield code="c">Ibnu Ranumarsaid</subfield>
    </datafield>
    <datafield tag="260" ind1="#" ind2="#">
      <subfield code="a">Jakarta :</subfield>
      <subfield code="b">Pusbangkom Pimnas dan Manajerial ASN,</subfield>
      <subfield code="c">2023</subfield>
    </datafield>
    <datafield tag="300" ind1="#" ind2="#">
      <subfield code="a">27 halaman ;</subfield>
      <subfield code="c">30 cm</subfield>
    </datafield>
    <datafield tag="650" ind1="#" ind2="4">
      <subfield code="a">Digitalisai</subfield>
    </datafield>
    <datafield tag="520" ind1="#" ind2="#">
      <subfield code="a">Agenda pemberian cendera mata merupakan bagian integral dari diplomasi kenegaraan yang memiliki implikasi besar dalam hubungan bilateral dan citra Indonesia di mata dunia. Secara mekanisme alur kerja, pertukaran cendera mata berangkat dari pengusulan cendera mata oleh Subbagian tersebut. Sub bagian akan mengirimkan dokumen berupa kataloh benda seni yang akan dijadikan sebagai suatu usulan.</subfield>
    </datafield>
    <datafield tag="856" ind1="#" ind2="#">
      <subfield code="a">Perpustakaan LAN Pusat</subfield>
    </datafield>
    <datafield tag="990" ind1="#" ind2="#">
      <subfield code="a">24.07.011</subfield>
    </datafield>
  </record>
</collection>
